000 00310nam a22001337a 4500
008 181105b xxu||||| |||| 00| 0 eng d
020 _a0155796283
041 _aeng
080 _22nd
_a101
100 _a24
101 _aFIL
245 _aSelf and World Readings in Philosophy
_cOgilvy,J.A
942 _2udc
_cBK
999 _c51824
_d51824